00583nam a2200169Ia 450000500170000000800410001702000180005808200130007610000130008924500650010226000650016730000130023250000500024594200060029595200970030199900150039820250528030417.0240331s9999 xx 000 0 und d a9789551274412 bPERa303 aPerera,J 0aAdura vinivida :bSri Lankawe jana wargika arbuudaya 2006-08 aColombobSri Lanka National Peace Council of Sri Lankac2008 a380 p ., aAn Analysis of the ethnic crisis in Sri Lanka cL 001040708LaWERCLbWERCLcSSCd2024-03-31l0o 303.6 PERp6296r2024-03-31w2024-03-31yL c4544d4544